| 000 | 01383nam a2200313 a 4500 | ||
|---|---|---|---|
| 001 | |||
| 003 | DO-SdBNP | ||
| 005 | 20220131110255.0 | ||
| 008 | 110406s2018 dr ac 001 0 spa d | ||
| 020 | _a9789945610093 | ||
| 040 |
_aDO-SdBNP _bspa _cBPMSU |
||
| 082 |
_a929.92097293 _bG633s 2018 _222 |
||
| 100 | 1 | _aGómez, Wilson, | |
| 245 | 1 | 0 |
_aSimbología patriótica de la República Dominicana / _cWilson Gómez. ; prólogo José Joaquín Pérez Saviñon |
| 260 |
_aSanto Domingo : _bTribunal Constitucional, _c2018 |
||
| 300 |
_a218 p. ; _c23 cm. _b |
||
| 490 | 0 | _aIUDEX | |
| 504 | _aBibliografía: p. 215-218 | ||
| 505 | 0 | _aSurgimiento de la bandera en el mundo -- Diseño y confección de la Bandera Nacional Dominicana -- Origen del escudo en el mundo -- Diseño y confección del Escudo Nacional Dominicano -- La bandera presidencial -- Los Himnos del mundo -- Los himnos del mundo -- El Himno Nacional Dominicano -- Himnos patrióticos. | |
| 590 | _6Inventariado, 2022/VM | ||
| 600 | 1 | 4 |
_a Duarte, Juan Pablo, _d1813-1876 |
| 650 | 4 |
_aEmblemas nacionales _zRepública Dominicana |
|
| 650 | 4 |
_aBanderas _zRepública Dominicana _xHistoria |
|
| 650 | 4 |
_aEscudos nacionales _zRepública Dominicana |
|
| 700 | 1 |
_aPérez Saviñon, José Joaquín _epról. |
|
| 710 | 2 | _aTribunal Constitucional de la República Dominicana | |
| 910 | _a VMate V. | ||
| 942 |
_2ddc _cBK |
||
| 999 |
_c13993 _d13993 |
||